| 000 -LEADER |
| fixed length control field |
00727nam a2200229Ia 4500 |
| 001 - CONTROL NUMBER |
| control field |
15094 |
| 003 - CONTROL NUMBER IDENTIFIER |
| control field |
GE_BSU |
| 008 - FIXED-LENGTH DATA ELEMENTS--GENERAL INFORMATION |
| fixed length control field |
181216s||||||||xx |||||||||||||| ||und|| |
| 040 ## - CATALOGING SOURCE |
| Transcribing agency |
GE_BSU |
| 080 ## - UNIVERSAL DECIMAL CLASSIFICATION NUMBER |
| Universal Decimal Classification number |
51(09) |
| 100 ## - MAIN ENTRY--PERSONAL NAME |
| Personal name |
Вилейтнер,Г. |
| 245 ## - TITLE STATEMENT |
| Title |
История математики от Декарта до середины XIX столетия |
| 245 ## - TITLE STATEMENT |
| Statement of responsibility, etc. |
Под.ред.А.П.Юшкевича |
| 260 ## - PUBLICATION, DISTRIBUTION, ETC. |
| Place of publication, distribution, etc. |
Москва |
| 260 ## - PUBLICATION, DISTRIBUTION, ETC. |
| Name of publisher, distributor, etc. |
Наука |
| 260 ## - PUBLICATION, DISTRIBUTION, ETC. |
| Date of publication, distribution, etc. |
1966 |
| 300 ## - PHYSICAL DESCRIPTION |
| Extent |
506стр.22см. |
| 653 ## - INDEX TERM--UNCONTROLLED |
| Uncontrolled term |
История математики от Декарта до середины XIX столетия |
| 653 ## - INDEX TERM--UNCONTROLLED |
| Uncontrolled term |
Математика |
| 653 ## - INDEX TERM--UNCONTROLLED |
| Uncontrolled term |
მათემატიკა |
| 942 ## - ADDED ENTRY ELEMENTS (KOHA) |
| Koha item type |
წიგნი |